000 01125nam a2200229 4500
005 20250329161934.0
008 250329b |||||||| |||| 00| 0 eng d
020 _a9781538160794
037 _cTextual
040 _aRTL
_cRTL
084 _aU R3
_qRTL
100 _aBonnett, Alastair
_922949
245 _aWhat is Geography?
250 _a2nd
260 _aLanham
_bRowman & Littlefield
_c2023
300 _avi, 151p.
_bIncludes bibliography, notes and index
520 _aGeography is fundamental to understanding the way the world works. This text offers readers a short and highly accessible account of the ideas and concepts constituting geography. Including discussion of both the human and the natural realms, the text looks at key themes such as environment, space, and place—as well as geography's methods and the history of the discipline—showing us how and why they are essential for a thriving planet.
650 _aEnvironmental Geography
_9751643
650 _aSocial Science / Social Geography
_9751644
650 _aCultural Geography
_9262175
942 _2CC
_n0
_cTB
_hU R3
999 _c1308306
_d1308306